Lí luận dạy học của trường phổ thông. Một số vấn đề của lí luận dạy học hiện đại

সংরক্ষণ করুন:
গ্রন্থ-পঞ্জীর বিবরন
প্রধান লেখক: M A Danilov
বিন্যাস: গ্রন্থ
ভাষা:Undetermined
প্রকাশিত: Hà Nội Giáo dục 1980
বিষয়গুলি:
ট্যাগগুলো: ট্যাগ যুক্ত করুন
কোনো ট্যাগ নেই, প্রথমজন হিসাবে ট্যাগ করুন!
Thư viện lưu trữ: Trung tâm Học liệu Trường Đại học Cần Thơ
LEADER 00648nam a2200181Ia 4500
001 CTU_6104
008 210402s9999 xx 000 0 und d
082 |a 370.773 
082 |b D183 
100 |a M A Danilov 
245 0 |a Lí luận dạy học của trường phổ thông. Một số vấn đề của lí luận dạy học hiện đại 
245 0 |c M A Danilov, M N Skatskaija; Dịch giả: Đỗ Thị Trang 
260 |a Hà Nội 
260 |b Giáo dục 
260 |c 1980 
650 |a education 
904 |i Nguyễn Quang Điền, 960812 
980 |a Trung tâm Học liệu Trường Đại học Cần Thơ